Revista de instrucción pública. (Record no. 1922)

MARC details
000 -LEADER
campo de control de longitud fija 00713nas a2200229 i 4500
001 - NÚMERO DE CONTROL
campo de control 1922
003 - IDENTIFICADOR DE NÚMERO DE CONTROL
campo de control ES-MaACL
005 - FECHA Y HORA DE LA ÚLTIMA TRANSACCIÓN
campo de control 20250828062528.0
007 - CAMPO FIJO DE DESCRIPCIÓN FÍSICA--INFORMACIÓN GENERAL
campo de control de longitud fija t|
008 - DATOS DE LONGITUD FIJA--INFORMACIÓN GENERAL
campo de control de longitud fija 950801d19181928cu | | 1 ||pa d
022 ## - NÚMERO INTERNACIONAL NORMALIZADO PARA PUBLICACIONES SERIADAS
Número Internacional Normalizado para Publicaciones Seriadas 9963-2179
245 00 - MENCIÓN DEL TÍTULO
Título Revista de instrucción pública.
260 ## - PUBLICACIÓN, DISTRIBUCIÓN, ETC.
Lugar de publicación, distribución, etc. La Habana :
Nombre del editor, distribuidor, etc. Secretaría de Instrucción Pública y Bellas Artes,
Fecha de publicación, distribución, etc. 1918-1928 (
Fabricante Instituto de Artes Gráficas, etc)
300 ## - DESCRIPCIÓN FÍSICA
Extensión 2 v. :
Otras características físicas grab ;
Dimensiones 26 cm.
310 ## - PERIODICIDAD ACTUAL
Periodicidad actual Bimestral
362 0# - FECHAS DE PUBLICACIÓN Y/O DESIGNACIÓN SECUENCIAL
Fecha de publicación y/o designación secuencial Año I (1918)-(1928)
650 #7 - PUNTO DE ACCESO ADICIONAL DE MATERIA--TÉRMINO DE MATERIA
Término de materia o nombre geográfico como elemento de entrada Educación
Fuente del encabezamiento o término embne
9 (RLIN) 12073
710 1# - ENTRADA AGREGADA--NOMBRE DE ENTIDAD CORPORATIVA
Nombre de entidad corporativa o nombre de jurisdicción como elemento de entrada Cuba.
Unidad subordinada Secretaría de Instrucción Pública y Bellas Artes.
9 (RLIN) 3344
852 ## - LOCALIZACIÓN
Ubicación ES-MaACL
Número de control de estantería B-8512-13
866 #0 - MENCIÓN TEXTUAL DE FONDOS--UNIDAD BIBLIOGRÁFICA BÁSICA
Fondos 1918-19.
Holdings
Estatus retirado Estado de pérdida Estado de daño No para préstamo Colección Biblioteca de origen Biblioteca actual Ubicación en estantería Fecha de adquisición Fuente de adquisición Total de préstamos Signatura topográfica completa Código de barras Visto por última vez Precio de reemplazo Tipo de ítem Koha
        Periódicos y Revistas Biblioteca del Ateneo de Madrid Biblioteca del Ateneo de Madrid Sala Pardo Bazán 17/01/2008     B-8512-13 1001961 23/02/2023 23/02/2023 Revista